El amante de la nación española en el siglo XIX ó Colección de varias materias y tratados escrito en el sentido correspondiente á la felicidad de España / (Record no. 165418)

MARC details
000 -LEADER
campo de control de longitud fija 00680nam a2200169 i 4500
001 - NÚMERO DE CONTROL
campo de control 165418
003 - IDENTIFICADOR DE NÚMERO DE CONTROL
campo de control ES-MaACL
005 - FECHA Y HORA DE LA ÚLTIMA TRANSACCIÓN
campo de control 20250604062548.0
008 - DATOS DE LONGITUD FIJA--INFORMACIÓN GENERAL
campo de control de longitud fija 931025s1833 sp |||| | spa d
100 1# - ENTRADA PRINCIPAL--NOMBRE DE PERSONA
Nombre de persona Siñeriz, Juan Francisco.
9 (RLIN) 132780
245 14 - MENCIÓN DEL TÍTULO
Título El amante de la nación española en el siglo XIX ó Colección de varias materias y tratados escrito en el sentido correspondiente á la felicidad de España /
Mención de responsabilidad, etc. por Juan Francisco Siñeriz.
260 ## - PUBLICACIÓN, DISTRIBUCIÓN, ETC.
Lugar de publicación, distribución, etc. Madrid :
Nombre del editor, distribuidor, etc. [s.n.],
Fecha de publicación, distribución, etc. 1833 (
Fabricante Imp. de Leonardo Núñez)
300 ## - DESCRIPCIÓN FÍSICA
Extensión XVI, 214 p. ;
Dimensiones 16 cm.
651 #7 - PUNTO DE ACCESO ADICIONAL DE MATERIA--NOMBRE GEOGRÁFICO
Nombre geográfico España-
Subdivisión general Historia-
Subdivisión cronológica S.XIX
Fuente del encabezamiento o término
9 (RLIN) 142005
852 ## - LOCALIZACIÓN
Ubicación ES-MaACL
Número de control de estantería D-3352
Nota libre -- Enc. pasta
Holdings
Estatus retirado Estado de pérdida Estado de daño No para préstamo Colección Biblioteca de origen Biblioteca actual Ubicación en estantería Fecha de adquisición Fuente de adquisición Total de préstamos Signatura topográfica completa Código de barras Visto por última vez Precio de reemplazo Tipo de ítem Koha
        Libros del s. XIX Biblioteca del Ateneo de Madrid Biblioteca del Ateneo de Madrid Sala Valle Inclán 17/01/2008     D-3352 901173463 23/02/2023 23/02/2023 Libro impreso antiguo